000 00530nam a22001817a 4500
999 _c6398
_d6398
003 GBCCL
005 20241126110602.0
008 180511b ||||| |||| 00| 0 eng d
040 _cgbc
082 _a272.9092
_bWUR
100 _a Wurmbrand, Richard
_95052
245 _aTortured for Christ /
_cRichard Wurmbrand
260 _bP.P. Job for Love in Action Society
_aNew Delhi:
300 _a113 p.;
_c21 cm.
650 _aWurmbrand, Richard
_911461
650 _aPolitical prisoners
_vRomania
_x Biography
_911454
942 _2ddc
_cBK